Bilecik Bilecik Bilecik Bilecik Bilecik

Atebetü'l-Hakayık/ (Record no. 65017)

MARC details
000 -BAŞLIK
Sabit Uzunluktaki Kontrol Alanı 01186nam a22003497a 4500
001 - KONTROL NUMARASI
Control Dosyası 0064836
003 - KONTROL NUMARASI KİMLİĞİ
Kontrol Alanı KOHA_MİRAKIL
005 - EN SON İŞLEM TARİHİ ve ZAMANI
Kontrol Alanı 20260207004526.0
007 - FİZİKSEL TANIM SABİT ALAN - GENEL BİLGİ
Sabit uzunluklu kontrol alanı ta
008 - SABİT UZUNLUKTAKİ VERİ ÖGELERİ - GENEL BİLGİ
Sabit Alan 190912b2019 tu |||gr||||#||||1|tur |
020 ## - ISBN - ULUSLARARASI STANDART KİTAP NUMARASI
Isbn 9789751741509
040 ## - KATALOGLAMA KAYNAĞI
Özgün Kataloglama Kurumu TR-BiSEU
Kataloglama Dili tur
Çeviri Kurumu TR-BiSEU
Açıklama Kuralları rda
041 0# - DİL KODU
Metin ya da ses kaydının dil kodu tur
044 ## - YAYINLAYAN/ÜRETEN KURULUŞUN ÜLKE KODU
ISO country code tu
050 ## - SINIFLAMA ve YER NUMARASI
Sınıflama Numarası PL54.61
Yer Numarası .E35 2019
100 0# - KİŞİ ADI
Yazar Adı (Kişi adı) Edip Ahmed Yükneki.
245 1# - ESER ADI BİLDİRİMİ
Başlık Atebetü'l-Hakayık/
Sorumluluk Bildirimi Edip Ahmed Yükneki ; Edip Ahmed Yükneki; hazırlayan Serkan Çakmak; editör Hatice Coşkun.
264 #1 - ÜRERİM, YAYIN, DAĞITIM ve TELİF BİLDİRİMİ
Yayın yeri İstanbul :
Yayınlayan Yazma Eserler Kurumu Başkanlığı Yayınları
Yayın tarihi 2019
300 ## - FİZİKSEL TANIMLAMA
Sayfa, Cilt vb. 468 sayfa; 20 cm
336 ## - İÇERİK TÜRÜ
Content type term metin
Content type code txt
Source rdacontent
337 ## - MEDYA TÜRÜ
Media type term aracısız
Media type code n
Source rdamedia
338 ## - TAŞIYICI TÜRÜ
Carrier type term cilt
Carrier type code nc
Source rdacarrier
490 1# - DİZİ BİLDİRİMİ
Dizi Bildirimi Yazma Eserler Kurumu Başkanlığı yayınları ;
Cilt Numarası 115.
490 1# - DİZİ BİLDİRİMİ
Dizi Bildirimi Edebiyat ve Sanat serisi ;
Cilt Numarası 26
500 ## - GENEL NOT
Genel Not Kaynakça var.
650 #0 - KONU BAŞLIĞI EK GİRİŞ - KONU TERİMİ
Konusal terim veya coğrafi ad Edebiyat.
9 (RLIN) 6376
650 #0 - KONU BAŞLIĞI EK GİRİŞ - KONU TERİMİ
Konusal terim veya coğrafi ad Türk Edebiyatı.
9 (RLIN) 5924
650 #0 - KONU BAŞLIĞI EK GİRİŞ - KONU TERİMİ
Konusal terim veya coğrafi ad Karahanlı Türkçesi.
9 (RLIN) 120696
830 1# - SERİ EK GİRİŞİ - TEKBİÇİM ESER ADI
Tekbiçim Başlık Yazma Eserler Kurumu Başkanlığı yayınları ;
Volume number/sequential designation 115.
9 (RLIN) 89212
830 1# - SERİ EK GİRİŞİ - TEKBİÇİM ESER ADI
Tekbiçim Başlık Edebiyat ve Sanat serisi ;
Volume number/sequential designation 26
9 (RLIN) 87949
856 40 - ELEKTRONİK YER ve ERİŞİM
Kaynak Tanımlayıcı (URL) <a href="http://www.ekitap.yek.gov.tr/Home/Show2?BOOK_NO=115">http://www.ekitap.yek.gov.tr/Home/Show2?BOOK_NO=115</a>
942 ## - EK GİRİŞ ÖGELERİ (KOHA)
Source of classification or shelving scheme Library of Congress Classification
Koha item type Book
Holdings
Materyal Türü Kalıcı Konum Mevcut Konum Raf Yeri Sınıflandırma Kaynağı Edinim Bilgisi Ana Konular Alt Konular Yer Numarası Demirbaş Numarası Fatura Tarihi Geri Çekilme Durumu Kayıp Durumu Hasarlı Durumu Kredi için değil Kayıt Tarih Toplam Ödünçverme Son Görülme Tarihi Son Kontrol Tarihi Genel / Bağış Notu
Book Prof. Dr. Azmi Özcan Kütüphanesi Prof. Dr. Azmi Özcan Kütüphanesi Birûni Salonu Library of Congress Classification Bağış DİL VE EDEBİYAT Doğu Asya, Afrika, Okyanusya Dilleri ve Edebiyatları PL54.61 .E35 2019 0064836 02/02/2026         12/09/2019 1 04/03/2025 04/03/2025 Genel Bağış